| 000 | 00735nam a2200229 a 4500 | ||
|---|---|---|---|
| 001 | 13697 | ||
| 003 | BD-JhCC | ||
| 005 | 20240314124410.0 | ||
| 008 | 240314b20022023bg |||| ||a| 001 0 eng d | ||
| 020 | _a9789840516506 | ||
| 035 | _a(BD-JhCC)13697 | ||
| 040 |
_aBD-JhCC _dBD-JhCC |
||
| 041 | _aenglish | ||
| 082 |
_a954.92 _bBLO 2023 |
||
| 100 | _aBlood,Archer K. | ||
| 245 |
_aThe cruel birth of Bangladesh : _bMemoirs of an American diplomat / _cArcher K. Blood. |
||
| 260 |
_aDhaka: _bUniversity Press; _c2023. |
||
| 300 |
_a373 p. : _c22 cm. |
||
| 600 | _a 1971 | ||
| 650 |
_aBangladesh _vBangladesh Histoire _xBangladesh Histoire 1971 (Révolution) _yBangladesh History _zBangladesh Politique et gouvernement |
||
| 942 |
_2ddc _cBK |
||
| 999 |
_c13697 _d13697 |
||